Statistics for Asian Physical Geography

Click here to take the quiz!

General Stats

  • This quiz has been taken 30,649 times
  • The average score is 16 of 24

Answer Stats

HintAnswer% Correct
Highest mountainMount Everest
98%
Range of the aboveHimalayas
93%
The vast eastern regions of RussiaSiberia
88%
Second highest mountainK2
86%
Biggest desertsGobi
85%
Bay between the above and IndiaBay of Bengal
81%
Twin rivers of MesopotamiaTigris
75%
Twin rivers of MesopotamiaEuphrates
73%
Gulf that the above flow intoPersian Gulf
73%
Longest riverYangtze
70%
Largest islandsJava
69%
Largest islandsBorneo
65%
Peninsula of Thailand and Vietnam, et alIndochina
65%
Largest islandsHonshu
62%
Biggest lakesLake Baikal
62%
Largest islandsSumatra
58%
Biggest lakesCaspian Sea
55%
Lowest elevation on land
(shores of this lake)
Dead Sea
55%
Subarctic forest biome in the aboveTaiga
47%
Largest islandsNew Guinea
45%
Biggest desertsArabian
43%
Mountain pass between Pakistan
and Afghanistan
Khyber pass
40%
Largest islandsLuzon
39%
Largest islandsSulawesi
32%

Score Distribution

Percentile by Number Answered

Percent of People with Each Score

Your Score History

You have not taken this quiz